000 00688cam a2200145 4500500
005 20260201173729.0
041 _afre
042 _adc
100 1 0 _aKaplanian, Patrick
_eauthor
245 0 0 _aWerner Seibt, ed., Die Christianisierung des Kaukasus/The Christianization of Caucasus (Armenia, Georgia,Albania). Actes du colloque tenu à Vienne, les 9-12 Décembre 1999, Wien,Verlag der Österreichischen Akademie derWissenschaften, 2002, 214 p., index, ill., fig., cartes
260 _c2004.
500 _a64
786 0 _nL'Homme | 169 | 1 | 2004-01-01 | p. 225za-304za | 0439-4216
856 4 1 _uhttps://shs.cairn.info/revue-l-homme-2004-1-page-225za?lang=fr&redirect-ssocas=7080
999 _c1643397
_d1643397